000
00217 a2200097 4500
001
37420
100
_a
Lall, Ramji
245
_a
Duchess of Malfi
260
_a
New Dehli
_b
Surjeet Publishers
_c
090
_c
23888
_d
23888
942
_a
NUST-CAE
_c
M
_c
15433
999
_c
272493
_d
272493